Human resource management (Record no. 8554)

MARC details
000 -LEADER
fixed length control field 00611cam a2200241ua 4500
001 - CONTROL NUMBER
control field 9530
005 - DATE AND TIME OF LATEST TRANSACTION
control field 20260515114456.0
008 - FIXED-LENGTH DATA ELEMENTS--GENERAL INFORMATION
fixed length control field 160125n ii |||gr||||Z||||||eng
020 ## - INTERNATIONAL STANDARD BOOK NUMBER
International Standard Book Number 9780195676945
020 ## - INTERNATIONAL STANDARD BOOK NUMBER
International Standard Book Number 0195676947
040 ## - CATALOGING SOURCE
Transcribing agency MAIN
041 ## - LANGUAGE CODE
Language code of text/sound track or separate title eng
082 ## - DEWEY DECIMAL CLASSIFICATION NUMBER
Classification number 658.3
100 ## - MAIN ENTRY--PERSONAL NAME
Personal name Jyothi, P.,
Relator term Author.,
245 ## - TITLE STATEMENT
Title Human resource management
Statement of responsibility, etc. by P. Jyothi
250 ## - EDITION STATEMENT
Edition statement 13th imp.
260 ## - PUBLICATION, DISTRIBUTION, ETC.
Place of publication, distribution, etc. New Delhi:
Name of publisher, distributor, etc. Oxford university press,
Date of publication, distribution, etc. 2011.
300 ## - PHYSICAL DESCRIPTION
Extent 565p.
653 ## - INDEX TERM--UNCONTROLLED
Uncontrolled term General management
653 ## - INDEX TERM--UNCONTROLLED
Uncontrolled term Human resource management
700 ## - ADDED ENTRY--PERSONAL NAME
Personal name Venkatesh, D.N.,
Relator term Author.,
942 ## - ADDED ENTRY ELEMENTS (KOHA)
Koha item type Books
Holdings
Withdrawn status Lost status Damaged status Not for loan Home library Current library Shelving location Date acquired Total checkouts Full call number Barcode Date last seen Copy number Price effective from Koha item type
        Naharkatiya College Library Naharkatiya College Library General stacks 09/19/2020   658.3 | JYO 22966 09/19/2020 1 09/19/2020 Books